| 000 | 01030cam a22003017a 4500 | ||
|---|---|---|---|
| 003 | CHAP | ||
| 005 | 20220329134324.0 | ||
| 008 | 971013s1976 r 00010 d | ||
| 010 | _a18695 | ||
| 011 | _a19667 | ||
| 035 | _a23752 | ||
| 040 | _cCHAP | ||
| 090 | _aTesis | ||
| 100 | 0 | 0 |
_aAlonso Pesado, Francisco Alejandro. _94593 |
| 245 | 0 | _aVocabulario técnico académico de economía y administración agropecuarias con finalidad didáctica | |
| 260 |
_aMéxico, D.F., : _bEl autor, _c1976 |
||
| 300 | _a76 h | ||
| 502 | _aTesis (Médico Veterinario Zootecnista) -- UNAM. Fac. de medicina Veterinaria y Zootecnia | ||
| 590 |
_aALEPH _b10 _c20130110 _lUCH01 _h1241 |
||
| 590 |
_aBATCH-UPD _b10 _c20130110 _lUCH01 _h2036 |
||
| 590 |
_aBATCH-UPD _b10 _c20130410 _lUCH01 _h1352 |
||
| 590 |
_aCONVERSION _b10 _c20130109 _lUCH01 _h1311 |
||
| 650 | 1 | 4 |
_aAgricultura _xAspectos economicos _xTerminologia. _91299 |
| 650 | 1 | 4 |
_aEmpresas agropecuarias. _936649 |
| 901 | _aBK | ||
| 942 | _cTESIS | ||
| 949 |
_bBC _cTES _d-55135 _eTS1 _i23752 _si |
||
| 999 |
_c18695 _d18695 |
||